इसे छोड़कर सामग्री पर बढ़ने के लिए
Inicio
Centros participantes
Catálogo
Servicios
Contacto
लॉग इन करें
English
Deutsch
Español
Français
Italiano
日本語
Nederlands
Português
Português (Brasil)
中文(简体)
中文(繁體)
Türkçe
עברית
Gaeilge
Cymraeg
Ελληνικά
Català
Euskara
Русский
Čeština
Suomi
Svenska
polski
Dansk
slovenščina
اللغة العربية
বাংলা
Galego
Tiếng Việt
Hrvatski
हिंदी
Հայերէն
Українська
Sámegiella
भाषा
सभी फ़ील्ड्स
शीर्षक
लेखक
विषय
बोधानक
आईएसबीएन / आईएसएसएन
टैग
खोज
उन्नत
Situación laboral en Costa Ric...
इसे उद्धृत करें
इसे ईमेल करें
प्रिंट
निर्यात रिकॉर्ड
को निर्यात RefWorks
को निर्यात EndNoteWeb
को निर्यात EndNote
सूची में सहेजें
स्थायी लिंक
पहली रेटिंग जोड़ें
Situación laboral en Costa Rica
में बचाया:
ग्रंथसूची विवरण
निगमित लेखक:
Confederación Auténtica de Trabajadores Democrática
स्वरूप:
मूलपाठ
प्रकाशित:
San José:
CATD
टैग:
टैग जोड़ें
कोई टैग नहीं, इस रिकॉर्ड को टैग करने वाले पहले व्यक्ति बनें!
होल्डिंग्स
विवरण
टिप्पणियाँ
समान संसाधन
स्टाफ के लिए
MARC
LEADER
00000 a a2200000 04500
001
20385
003
040
090
|a
085100
110
|a
Confederación Auténtica de Trabajadores Democrática
245
|a
Situación laboral en Costa Rica
260
|a
San José:
|b
CATD
300
|a
19 p.
999
|c
12901
|d
12901
समान संसाधन
Un pensamiento hecho realidad. Memoria de labores del período rectoral 1970-1974
द्वारा: Cuevas Del Cid, Rafael
Planificación: bibliografía /
द्वारा: Cruz Saborío, María del Pilar
Documentos básicos I
Informe final y resumen de acuerdos
Situación laboral de la mujer